Osobitosti anestézie pri operáciách redukujúcich objem pľúc

Bibliographic Details
Main Authors: Janíková, Marta, 1939- (Author), Janík, Miroslav, 1937-2008 (Author)
Format: Article
Language:Slovak
PhysicalDescription:Tab.
ISSN:0371-2222
Subjects:

MARC

LEADER 00000nab a2200000 a 4500
001 vtls000753534
003 SK-MaSNL
005 20260304171814.0
008 250429c2000 xo 0 slo
015 |a SNBRB2001/03-08353 
035 |a CLN000105321 
035 |a urn:nbn:sk:snk-ab359h 
035 |a (urnnbn)urn:nbn:sk:snk:ar-a065nv 
035 |a (uuid)99ba20d8-d724-4fc4-b8df-8c1c823420d7 
040 |a SNKBUCL  |b slo  |c SNKBUCL  |e AACR2 
041 0 |a slo 
044 |a xo  |c SK 
080 |a 616.24-007.63-089.5  |2 1997 
100 1 |a Janíková, Marta,  |d 1939-  |4 aut  |9 174568 
245 1 0 |a Osobitosti anestézie pri operáciách redukujúcich objem pľúc  |c M. Janíková, Miroslav Janík 
300 |b Tab. 
504 |a Res. angl., slov. 
504 |a Bibliogr. odkazy 
650 0 7 |a pľúca  |x chirurgia  |x anestézia  |2 snkbucl  |9 1500629 
650 0 7 |a emfyzém  |x pľúca  |x chirurgia  |x anestézia  |2 snkbucl  |9 1500630 
650 0 7 |a anestézia  |2 snkbucl  |9 14352 
650 0 7 |a hyperkapnia permisívna  |2 snkbucl  |9 1500631 
655 7 |a články z novín a časopisov  |2 snkbucl  |9 267496 
700 1 |a Janík, Miroslav,  |d 1937-2008  |4 aut  |9 7039 
773 0 |t Studia pneumologica et phthiseologica  |g Roč. 60, č. 5 (2000), s. 210-212  |x 0371-2222 
850 |a Slovenská národná knižnica 
852 |a Slovenská národná knižnica 
954 |a odborná, vedecká literatúra pôvodná (slovenská)  |2 lita 
958 |a article27 
958 |a MI 
958 |a NB 
958 |a OND 
958 |a EUIPO 
999 |c 2995162  |d 2997092